[Event "Paris-ch op-A"]
[Site "Paris"]
[Date "2010.07.07"]
[Round "5"]
[White "Mutombo Bantubikisha, Elie"]
[Black "Parant, Pascal"]
[Result "0-1"]
[WhiteElo "1832"]
[BlackElo "1924"]
[PlyCount "132"]
[EventDate "2010.07.03"]
[EventType "swiss"]
[EventRounds "9"]
[EventCountry "FRA"]
[SourceTitle "CBM 137 Extra"]
[Source "ChessBase"]
[SourceDate "2010.09.01"]
[SourceVersion "1"]
[SourceVersionDate "2010.09.01"]
[SourceQuality "1"]

1. Nf3 c5 2. g3 Nc6 3. c4 g6 4. Bg2 Bg7 5. 0-0 Nf6 6. Nc3 0-0 7. e3 d5 8. cxd5 Nxd5 9. Nxd5 Qxd5 10. Nd4 Qd6 11. Nxc6 bxc6 12. Qa4 Be6 13. Qxc6 Qxc6 14. Bxc6 Rab8 15. Rd1 Rfd8 16. d4 cxd4 17. Rd3 Bc4 18. Rd1 d3 19. Rd2 Rb6 20. Ba4 Rc8 21. a3 Bb3 22. Bxb3 Rxb3 23. Kf1 Rc4 24. a4 e5 25. Ke1 e4 26. Kd1 a5 27. Ra2 Rbb4 28. f3 f5 29. g4 Bh6 30. f4 Bg7 31. gxf5 gxf5 32. Rg2 Rc6 33. Bd2 Rbc4 34. Bc3 Rg6 35. Rxg6 hxg6 36. Kd2 Rc5 37. Ra3 Bxc3+ 38. bxc3 Rc4 39. h4 Kg7 40. Ra1 Kh6 41. Ra2 Kh5 42. Ra1 Kxh4 43. Rh1+ Kg3 44. Rg1+ Kf2 45. Ra1 Rc7 46. Rc1 Rb7 47. c4 Rb2+ 48. Kc3 Rb4 49. c5 Kxe3 50. c6 Rb8 51. Re1+ Kf2 52. Rc1 Rc8 53. Kd2 e3+ 54. Kxd3 e2 55. Rc2 Kf1 56. Rxe2 Rd8+ 57. Kc4 Kxe2 58. Kc5 Ke3 59. Kb6 Kxf4 60. Kxa5 Ra8+ 61. Kb5 Ke3 62. c7 f4 63. Kb6 f3 64. Kb7 Rf8 65. c8Q Rxc8 66. Kxc8 f2 0-1